03198nam a2200289 u 4500001000800000005001700008007001000025008004100035035001200076040001300088041000800101080000700109100004700116245012000163260004300283300001300326520198000339650001902319650004402338650003802382700005802420700005602478942001002534999001902544500017802563952016702741128011120260508072059.0co|||||||120423s2011 spa  a1280111 ccomduadb aspa aWX10aVélez Salas, Alba Rosa4auteaut967215110aAnálisis del comportamiento de las glosas en la ESE Hospital San Rafael de Itaguí, Antioquia, periodo 2007-2010 aMedellín :b[sin publicador],c2011. a1 CD-ROM3 aProyecto que se basa en el análisis del comportamiento de las glosas en la E.S.E Hospital San Rafael de Itagui, durante el periodo 2007 al 2010, Pretende, a partir de los análisis realizados a los reportes de glosas generados en el software de la IPS, identificar las causas de glosas que inciden y afectan la cartera de la institución, y que en muchas ocasiones se convierten en un reproceso para la IPS. Este trabajo permite identificar las glosas como uno de los principales factores generador de problemas financieros para la E.S.E. En ese sentido, se procede a determinar y evaluar las causas de glosas, conocer datos reales sobre los valores facturados por la E.S.E. comparado con lo glosado por las entidades a las cuales se les presta servicios, definir las causas que son más elevadas por año y conocer las aseguradoras con mayor porcentaje de glosa. Se utilizó como metodología la recolección de la información reportes generados por medio del aplicativo Servinte, módulo de glosas, datos que fueron exportados a Excel para la generación de tablas y gráficos. Se describió el procedimiento del área de glosas desde la radicación de éstas en la IPS, el trámite de respuesta y el envío a la aseguradora, lo cual se logró a través de observación directa y con la colaboración del personal del área. La información fue analizada por los años 2007 al 2010, se realizo un comparativo que permitió conocer que el año más representativo a los valores en cuanto a las glosas fue el 2010, no solo por el volumen de las mismas, sino porque fue en este año cuando la IPS implementó el registro en el sistema de acuerdo al manual único de glosas reglamentado por la resolución 3047 de 2008 y que permite que las causas estén codificadas y clasificadas por grupo. De esta misma situación se desprende la poca confiabilidad de los datos de los años anteriores ya que el ingreso fue registrado a una sola causa. aGlosas9101305 aHospital San Rafael (Itagüí)924359 aFinanciación de la salud91660410aVásquez Cárdenas, Lina Patricia4auteaut967215210aToro Salgado, Álvaro de Jesús4thseths9534459 cTESIS c606478d606478 aTesis (Administrador de Salud con Énfasis en Gestión de Servicios de Salud). Universidad de Antioquia. Facultad Nacional de Salud Pública - Título del grado otorgado 001040708DIGITALaBSPbBSPd2012-04-23eMaterial adquirido por donacióniC1142640l0oWX157 V4-11 CD-ROMp800449r2023-05-01 00:00:00t1w2023-05-01yDIGITAL